000 00624nam a22002177a 4500
999 _c1255
_d1255
001 20827
003 BD-DhUAP
005 20200204124744.0
008 200204r20152013ii ||||| |||| 001 0 eng d
020 _a9789350352908
040 _aBD-DhUAP
_bEng
_cBD-DhUAP
_dBD-DhUAP
082 _223
_a342.54 BAK
100 _aBakshi, P. M.
245 _aConstitutional law of India /
_cP. M. Bakshi.
250 _a12th ed.
260 _aNew Delhi :
_bUniversal Law Pub. Co.,
_cc2013 [Reprinted 2015].
300 _acxxxi, 484 pages ;
_c25 cm.
500 _aIncludes index.
650 _aConstitutional law
_z India.
942 _2ddc
_cBK